<?xml version="1.0" encoding="UTF-8"?>
<record
    xmlns:xsi="http://www.w3.org/2001/XMLSchema-instance"
    xsi:schemaLocation="http://www.loc.gov/MARC21/slim http://www.loc.gov/standards/marcxml/schema/MARC21slim.xsd"
    xmlns="http://www.loc.gov/MARC21/slim">

  <leader>00713nam a22002417a 4500</leader>
  <controlfield tag="005">20170124105952.0</controlfield>
  <datafield tag="010" ind1=" " ind2=" ">
    <subfield code="a">167679</subfield>
  </datafield>
  <datafield tag="020" ind1=" " ind2=" ">
    <subfield code="c">35.00</subfield>
  </datafield>
  <datafield tag="035" ind1=" " ind2=" ">
    <subfield code="a">167679</subfield>
  </datafield>
  <datafield tag="037" ind1=" " ind2=" ">
    <subfield code="b">Cen Lib/Ret</subfield>
  </datafield>
  <datafield tag="040" ind1=" " ind2=" ">
    <subfield code="a">DPL</subfield>
    <subfield code="b">EN</subfield>
  </datafield>
  <datafield tag="082" ind1=" " ind2=" ">
    <subfield code="a">370954</subfield>
    <subfield code="b">MOO</subfield>
  </datafield>
  <datafield tag="100" ind1=" " ind2=" ">
    <subfield code="a">Mookerjee, Radha Kumud </subfield>
    <subfield code="9">13919</subfield>
  </datafield>
  <datafield tag="245" ind1=" " ind2=" ">
    <subfield code="a">Ancient indian educatoin /</subfield>
    <subfield code="c">by Radha Kumud Mookerjee </subfield>
  </datafield>
  <datafield tag="250" ind1=" " ind2=" ">
    <subfield code="a">3rd ed</subfield>
  </datafield>
  <datafield tag="260" ind1=" " ind2=" ">
    <subfield code="a">New Delhi </subfield>
    <subfield code="b">Motilal Banarsidass </subfield>
    <subfield code="c">1960</subfield>
  </datafield>
  <datafield tag="270" ind1=" " ind2=" ">
    <subfield code="b">New Delhi </subfield>
    <subfield code="a">Bunglow Road, Jawahar Nagar</subfield>
    <subfield code="e">110006</subfield>
  </datafield>
  <datafield tag="300" ind1=" " ind2=" ">
    <subfield code="a">xxxvi, </subfield>
    <subfield code="c">22cm(Hb)</subfield>
  </datafield>
  <datafield tag="500" ind1=" " ind2=" ">
    <subfield code="a">Includes index</subfield>
  </datafield>
  <datafield tag="650" ind1=" " ind2=" ">
    <subfield code="a">Education  </subfield>
    <subfield code="z">Ancient period</subfield>
    <subfield code="9">13920</subfield>
  </datafield>
  <datafield tag="650" ind1=" " ind2=" ">
    <subfield code="z">History of education </subfield>
    <subfield code="9">90135</subfield>
  </datafield>
  <datafield tag="942" ind1=" " ind2=" ">
    <subfield code="2">ddc</subfield>
    <subfield code="c">EN</subfield>
    <subfield code="h">370.954</subfield>
    <subfield code="m">MOO</subfield>
  </datafield>
  <datafield tag="999" ind1=" " ind2=" ">
    <subfield code="c">125376</subfield>
    <subfield code="d">125376</subfield>
  </datafield>
  <datafield tag="952" ind1=" " ind2=" ">
    <subfield code="0">4</subfield>
    <subfield code="1">0</subfield>
    <subfield code="4">0</subfield>
    <subfield code="7">0</subfield>
    <subfield code="a">L</subfield>
    <subfield code="b">L</subfield>
    <subfield code="d">2015-06-20</subfield>
    <subfield code="e">Cen Lib/Ret</subfield>
    <subfield code="g">35.00</subfield>
    <subfield code="l">1</subfield>
    <subfield code="m">2</subfield>
    <subfield code="o">370954 MOO</subfield>
    <subfield code="p">167679</subfield>
    <subfield code="r">2017-10-31 00:00:00</subfield>
    <subfield code="s">2017-10-06</subfield>
    <subfield code="t">1</subfield>
    <subfield code="v">35.00</subfield>
    <subfield code="w">2015-06-20</subfield>
    <subfield code="y">EN</subfield>
    <subfield code="z">W/d List No. 6871/1; dtd 13/08/2020</subfield>
  </datafield>
</record>
